00460nam a2200145Ia 4500003000900000008004100009020002600050020002700076040001600103100002500119245005300144260003200197300002000229856006500249IN-BaIIA211028s9999 xx s 000 0 eng d a9780819463500 (Print) a9780819478351 (Online) cIIA Library aOstrovsky, Andrey S. 0aCoherent-Mode Representations in Opticsh[eBook] aWashington, USAbSPIEc2006 aOnline resource uhttps://doi.org/10.1117/3.680516yClick Here to Access eBook